Bienvenue à la Médiathèque de Saint-Andiol
banniere
Accueil Recherche avancée Mon compte
handi1 Rechercher dans le catalogue

Filtre   Mots-clés
  Recherche avancée
 
Lister les dernières nouveautés
 
Lister les livres GROS CARACTERES
 
Lister les périodiques (magazines)

handi1 guerre des automates (La)

Book Cover
Auteur principal : Audrey Alwett
Autres auteurs : Nora Moretti
Titre : guerre des automates (La)
Support : Livres
Langue : Francais
Publié : DL 2017 Soleil Toulon
Series : Princesse Sara
Genre : Bande Dessinée (enfants)
Collection : Princesse Sara
Sujets :
Étiquettes :
Pas de tags
LEADER 01201nam0a2200229 450
001 16844598
010 |a 978-2-302-06388-4  |b rel.  |d 10,95 € 
100 |a 20171230d2026 u u0frey01 ba 
101 0 |a fre 
102 |a FR 
200 0 |a guerre des automates (La)  |f scénario, Audrey Alwett  |g dessin, Nora Moretti - couleurs, Marina Duclos 
207 1 |a   
210 |a Toulon  |c Soleil  |d DL 2017 
215 |a 1 vol. (28 p.)  |c ill. en coul.  |d 30 cm 
225 1 |a Princesse Sara  |v 10 
330 |a Sara s'apprête à entrer au prestigieux Club des Automates. L'examen en est redoutable, il lui faut néanmoins le réussir si elle veut poursuivre son éclatante carrière. Toutefois, Sara n'a pas conscience du panier de crabes dans lequel elle est tombée. Alors que James tente désespérément de la demander en mariage, elle s'enlise de plus en plus dans le piège qui lui est tendu... et qui pourrait bien lui couter la vie. 
461 0 |t Princesse Sara  |v 10 
700 0 |a Alwett  |b Audrey  |f 1982-....  |4 70 
702 0 |a Moretti  |b Nora  |f 1980-....  |4 440 
900 |a Bande Dessinée (enfants) 
901 |a Jeunesse 
995 |a Médiathèque  |c Médiathèque  |f 089015734  |h 089015734  |k BD PRI T.10  |o p  |q j  |r az  |e Médiathèque